| 000 | nam a22 7a 4500 | ||
|---|---|---|---|
| 999 |
_c16126 _d16126 |
||
| 008 | 161108b xxu||||| |||| 00| 0 eng d | ||
| 020 | _a0137442513 | ||
| 050 | _aBD 21 .W64 1998 | ||
| 100 | _aWolff, Robert Paul. | ||
| 245 |
_aAbout philosophy/ _cRobert Paul Wolff. |
||
| 250 | _a7th ed. | ||
| 260 |
_aNew Jersey: _bPrentice Hall, _c1998. |
||
| 300 |
_axv, 468p. : _bill. ; _c26cm. |
||
| 500 | _aInclude bibliographies and index. | ||
| 650 |
_aPhilosophy _xintroductions. |
||
| 942 |
_2lcc _cBOOKS _hBD 21 .W64 1998 _013 |
||